| 000 | 00581nam a2200169Ia 4500 | ||
|---|---|---|---|
| 008 | 090201s9999 xx 000 0 und d | ||
| 010 | _aKPL-51138 | ||
| 040 | _bमराठी | ||
| 041 | _aमराठी | ||
| 082 |
_a18727 _b51138 |
||
| 100 | _a सिध्दार्थ सव्यासाची | ||
| 245 |
_aप्रतिशोध _c सिध्दार्थ सव्यासाची |
||
| 260 |
_c2004 _bसाहित्य संपदा प्रकाशन |
||
| 300 |
_a321 _bमोठा |
||
| 600 | _aप्रतिशोध | ||
| 942 | _cBOOK | ||
| 999 |
_c218578 _d218578 |
||